[Event "Titled Tuesday intern op 14th Nov Early"]
[Site "Chess.com INT"]
[Date "2023.11.14"]
[Round "11"]
[White "Kozak, Antoni"]
[Black "Remolar Gallen, Jose"]
[Result "1-0"]
[WhiteElo "2442"]
[BlackElo "2286"]
[PlyCount "129"]
[EventDate "2023.11.14"]
[EventType "swiss (blitz)"]
[EventRounds "11"]
[EventCountry "USA"]
[SourceTitle "CB47_2023"]
[SourceDate "2023.11.22"]
[SourceVersion "1"]
[SourceVersionDate "2023.11.22"]
[SourceQuality "1"]

1. Nf3 g6 2. c4 Bg7 3. Nc3 Nf6 4. e4 d6 5. d4 0-0 6. h3 e5 7. d5 Na6 8. Bg5 h6 9. Be3 Nc5 10. Nd2 a5 11. g4 Ne8 12. Be2 Kh7 13. Qc2 f5 14. gxf5 gxf5 15. 0-0-0 f4 16. Bxc5 dxc5 17. Bg4 Nd6 18. Rdg1 Bf6 19. Qd1 Qe7 20. b3 b6 21. Bxc8 Raxc8 22. Qh5 Rg8 23. Nf3 a4 24. Nxa4 Ra8 25. Nc3 Qd7 26. h4 Rxg1+ 27. Rxg1 Rg8 28. Rxg8 Kxg8 29. Qg6+ Bg7 30. Nb5 Nxb5 31. cxb5 Qh3 32. Qe6+ Qxe6 33. dxe6 Kf8 34. h5 Ke7 35. Nh4 Kxe6 36. Nf5 Bf8 37. Nh4 Kf6 38. Nf3 c4 39. bxc4 Bc5 40. Kd2 Bxf2 41. Ke2 Bc5 42. Kf1 Ke6 43. Kg2 Be3 44. Kh3 Kf6 45. Kg4 Bf2 46. a4 Bc5 47. Ne1 Ke6 48. Nd3 Ba3 49. Ne1 Bc5 50. Nf3 Bd6 51. Nh4 Kf6 52. Nf5 Bf8 53. Kh4 Ke6 54. Kh3 Kf6 55. Kg4 Ke6 56. Nh4 Bc5 57. Nf3 Kf6 58. Nd2 Ke6 59. Nb3 Be7 60. Nc1 Ba3 61. Ne2 Bb4 62. Kh4 Kf6 63. Kg4 Ke6 64. Kf3 Bc5 65. Nc3 1-0

[Event "Titled Tuesday intern op 14th Nov Early"]
[Site "Chess.com INT"]
[Date "2023.11.14"]
[Round "9"]
[White "Remolar Gallen, Jose"]
[Black "Korchmar, Vasiliy"]
[Result "1-0"]
[WhiteElo "2286"]
[BlackElo "2438"]
[PlyCount "83"]
[EventDate "2023.11.14"]
[EventType "swiss (blitz)"]
[EventRounds "11"]
[EventCountry "USA"]
[SourceTitle "CB47_2023"]
[SourceDate "2023.11.22"]
[SourceVersion "1"]
[SourceVersionDate "2023.11.22"]
[SourceQuality "1"]

1. e4 c5 2. Nf3 d6 3. d4 cxd4 4. Nxd4 Nf6 5. Nc3 Nc6 6. Bg5 Bd7 7. Qd2 a6 8. 0-0-0 e6 9. h4 b5 10. f3 Be7 11. Kb1 Qc7 12. h5 h6 13. Be3 Ne5 14. g4 b4 15. Nce2 Nc4 16. Qd3 Bb5 17. Nxb5 axb5 18. Nc1 Nd7 19. Bd4 Bg5 20. Qb3 e5 21. Bf2 Nd2+ 22. Rxd2 Bxd2 23. Bxb5 0-0 24. Nd3 Nc5 25. Nxc5 dxc5 26. Bc4 Bg5 27. Rd1 Rfd8 28. Bd5 Rac8 29. Qc4 Rd7 30. Rd3 Kh8 31. a4 bxa3 32. Rxa3 Qb6 33. c3 Rb8 34. b4 Rc7 35. Ra6 Qxa6 36. Qxa6 cxb4 37. c4 b3 38. Bb6 Rd7 39. c5 Be3 40. c6 Rxd5 41. exd5 Bxb6 42. d6 1-0

[Event "ESP-ch 88th"]
[Site "Marbella"]
[Date "2023.10.14"]
[Round "2"]
[White "Remolar Gallen, Jose"]
[Black "Casado Torres, Daniel"]
[Result "1-0"]
[WhiteElo "2329"]
[BlackElo "1685"]
[PlyCount "59"]
[EventDate "2023.10.13"]
[EventType "swiss"]
[EventRounds "9"]
[EventCountry "ESP"]
[SourceTitle "Mega2024 Update 01"]
[Source "Chessbase"]
[SourceDate "2023.11.12"]
[SourceVersion "1"]
[SourceVersionDate "2023.11.12"]
[SourceQuality "1"]

1. d4 d5 2. c4 c6 3. Nc3 Nf6 4. Nf3 Bf5 5. cxd5 Nxd5 6. Qb3 Qb6 7. Nxd5 Qxb3 8. Nc7+ Kd7 9. axb3 Kxc7 10. Bf4+ Kc8 11. Ne5 Be6 12. Nc4 Nd7 13. e4 h6 14. Be2 g5 15. Be3 Bg7 16. 0-0 f5 17. exf5 Bxf5 18. Rfc1 Be6 19. Bf3 Bxc4 20. bxc4 e6 21. Rd1 Rd8 22. Bg4 Re8 23. d5 Nf8 24. Bh5 Re7 25. Bc5 Rd7 26. Bg4 Kc7 27. dxe6 Rxd1+ 28. Rxd1 Re8 29. e7 Ng6 30. Rd7+ 1-0

[Event "Titled Tuesday intern op 26th Sep Late"]
[Site "Chess.com INT"]
[Date "2023.09.26"]
[Round "4"]
[White "Cuenca Jimenez, Jose Fernando"]
[Black "Remolar Gallen, Jose"]
[Result "1-0"]
[WhiteElo "2500"]
[BlackElo "2329"]
[PlyCount "107"]
[EventDate "2023.09.26"]
[EventType "swiss (blitz)"]
[EventRounds "11"]
[EventCountry "USA"]
[SourceTitle "EXT 2024"]
[Source "ChessBase"]
[SourceDate "2023.10.10"]
[SourceVersion "1"]
[SourceVersionDate "2023.10.10"]
[SourceQuality "1"]

1. c4 Nf6 2. Nc3 g6 3. e4 d6 4. d4 Bg7 5. h3 0-0 6. Be3 e5 7. d5 Na6 8. g4 Nc5 9. f3 Ne8 10. b4 Na6 11. a3 f5 12. Qd2 Qe7 13. 0-0-0 c5 14. b5 Nac7 15. gxf5 gxf5 16. h4 f4 17. Bf2 Nf6 18. Bh3 Nh5 19. Bxc8 Raxc8 20. Nge2 a6 21. a4 axb5 22. axb5 Ra8 23. Kb2 b6 24. Rhg1 Kh8 25. Qc2 Ra5 26. Ra1 Rfa8 27. Rxa5 Rxa5 28. Ra1 Rxa1 29. Kxa1 Bf6 30. Qd1 Bxh4 31. Qh1 Bxf2 32. Qxh5 Ne8 33. Na4 Nf6 34. Qg5 Qd8 35. Kb1 Bd4 36. Kc2 Qe7 37. Nxb6 Nxd5 38. Qxe7 Nxe7 39. Nd5 Nc8 40. Nxd4 exd4 41. b6 Nxb6 42. Nxb6 h5 43. Nd7 h4 44. Nf6 Kg7 45. Ng4 Kg6 46. Kd3 Kg5 47. Ke2 Kg6 48. Kf2 Kg5 49. Kg2 d3 50. Nf2 d2 51. Kf1 h3 52. Nxh3+ Kh4 53. Nf2 Kg3 54. Ke2 1-0

[Event "Titled Tuesday intern op 26th Sep Late"]
[Site "Chess.com INT"]
[Date "2023.09.26"]
[Round "9"]
[White "Krzyzanowski, Marcin"]
[Black "Remolar Gallen, Jose"]
[Result "1-0"]
[WhiteElo "2512"]
[BlackElo "2329"]
[PlyCount "79"]
[EventDate "2023.09.26"]
[EventType "swiss (blitz)"]
[EventRounds "11"]
[EventCountry "USA"]
[SourceTitle "EXT 2024"]
[Source "ChessBase"]
[SourceDate "2023.10.10"]
[SourceVersion "1"]
[SourceVersionDate "2023.10.10"]
[SourceQuality "1"]

1. d4 Nf6 2. Nf3 g6 3. g3 Bg7 4. Bg2 0-0 5. c4 d6 6. 0-0 Nc6 7. Nc3 a6 8. d5 Na5 9. b3 c5 10. dxc6 Nxc6 11. Bb2 Rb8 12. Rc1 Bd7 13. Qd2 b5 14. cxb5 axb5 15. Nd5 Ne4 16. Qc2 Bxb2 17. Qxb2 e6 18. Ne3 d5 19. Ng4 f6 20. Nd4 Nxd4 21. Qxd4 Nd6 22. Ne3 Rc8 23. Qa7 Ra8 24. Qc5 Qe7 25. Nxd5 exd5 26. Bxd5+ Kg7 27. Bxa8 Rxa8 28. Rfd1 Rc8 29. Qa3 Rxc1 30. Qxc1 Nf5 31. Qc7 Be6 32. Qxe7+ Nxe7 33. e4 Kf7 34. Rd6 Nc8 35. Rc6 Ke7 36. Rc7+ Bd7 37. f4 Kd6 38. Rc2 Bc6 39. Kf2 Bxe4 40. Rxc8 1-0

[Event "Titled Tuesday intern op 26th Sep Late"]
[Site "Chess.com INT"]
[Date "2023.09.26"]
[Round "1"]
[White "Sokolovsky, Yahli"]
[Black "Remolar Gallen, Jose"]
[Result "1-0"]
[WhiteElo "2474"]
[BlackElo "2329"]
[PlyCount "107"]
[EventDate "2023.09.26"]
[EventType "swiss (blitz)"]
[EventRounds "11"]
[EventCountry "USA"]
[SourceTitle "EXT 2024"]
[Source "ChessBase"]
[SourceDate "2023.10.10"]
[SourceVersion "1"]
[SourceVersionDate "2023.10.10"]
[SourceQuality "1"]

1. b3 e5 2. Bb2 Nc6 3. e3 Nf6 4. Nf3 Bd6 5. d4 exd4 6. exd4 0-0 7. Be2 Re8 8. 0-0 b6 9. c4 Bb7 10. Nc3 Bb4 11. d5 Ne5 12. Nxe5 Rxe5 13. Bf3 Re8 14. Qd3 Bf8 15. Rfe1 d6 16. Nb5 a6 17. Nd4 Qd7 18. Nf5 Rxe1+ 19. Rxe1 Re8 20. Rxe8 Qxe8 21. Bxf6 Qe1+ 22. Qf1 Qxf1+ 23. Kxf1 gxf6 24. Nd4 Bc8 25. Be4 Bh6 26. Bf5 Bxf5 27. Nxf5 Bc1 28. a4 Kf8 29. Ke2 Ke8 30. Kf3 Kd7 31. Nd4 h5 32. Ke4 Bb2 33. Nc6 a5 34. Kf5 Ke8 35. f3 Kf8 36. Nb8 Ke7 37. h4 Bc3 38. g4 hxg4 39. fxg4 Ke8 40. h5 Ke7 41. h6 Kf8 42. Nd7+ Kg8 43. Nxf6+ Kh8 44. Ne8 Kh7 45. g5 Be5 46. Nxc7 Kg8 47. Ne8 Kh8 48. Nf6 Bd4 49. Nd7 Kg8 50. Ke4 Bf2 51. Nf6+ Kh8 52. Ne8 Bg3 53. Nf6 Be5 54. Nd7 1-0

[Event "Titled Tuesday intern op 19th Sep Early"]
[Site "Chess.com INT"]
[Date "2023.09.19"]
[Round "1"]
[White "Remolar Gallen, Jose"]
[Black "Mikaelyan, Arman"]
[Result "0-1"]
[WhiteElo "2329"]
[BlackElo "2529"]
[PlyCount "76"]
[EventDate "2023.09.19"]
[EventType "swiss (blitz)"]
[EventRounds "11"]
[EventCountry "USA"]
[SourceTitle "EXT 2024"]
[Source "ChessBase"]
[SourceDate "2023.10.10"]
[SourceVersion "1"]
[SourceVersionDate "2023.10.10"]
[SourceQuality "1"]

1. e4 e5 2. Nf3 Nc6 3. Bb5 a6 4. Ba4 Nf6 5. d3 d6 6. 0-0 Bd7 7. c3 Be7 8. Re1 0-0 9. Nbd2 Re8 10. Nf1 Bf8 11. Ng3 h6 12. h3 Ne7 13. Bc2 Ng6 14. d4 Qc8 15. Be3 a5 16. Qd2 a4 17. Rad1 b5 18. Nf5 Qb7 19. g4 Nxe4 20. Qd3 Nf6 21. dxe5 dxe5 22. N3h4 e4 23. Qe2 Bxf5 24. Nxf5 Ne5 25. Kh1 Nf3 26. Rf1 Rad8 27. c4 Rxd1 28. Rxd1 c6 29. Nd4 Nxd4 30. Bxd4 bxc4 31. Qxc4 c5 32. Bxf6 e3+ 33. Kh2 Qf3 34. Qd3 g6 35. Bh4 Bg7 36. Re1 Be5+ 37. Bg3 Qxf2+ 38. Kh1 Qf3+ 0-1

[Event "Titled Tuesday intern op 19th Sep Early"]
[Site "Chess.com INT"]
[Date "2023.09.19"]
[Round "4"]
[White "Remolar Gallen, Jose"]
[Black "Smietanska, Wiktoria"]
[Result "1/2-1/2"]
[WhiteElo "2329"]
[BlackElo "2071"]
[PlyCount "164"]
[EventDate "2023.09.19"]
[EventType "swiss (blitz)"]
[EventRounds "11"]
[EventCountry "USA"]
[SourceTitle "EXT 2024"]
[Source "ChessBase"]
[SourceDate "2023.10.10"]
[SourceVersion "1"]
[SourceVersionDate "2023.10.10"]
[SourceQuality "1"]

1. e4 c5 2. Nf3 d6 3. d4 cxd4 4. Nxd4 Nf6 5. Nc3 a6 6. Be3 e5 7. Nb3 Be6 8. f3 Nbd7 9. Qd2 b5 10. g4 Be7 11. 0-0-0 0-0 12. h4 Nb6 13. Na5 Qc7 14. Qf2 Nfd7 15. a3 Na4 16. Nxa4 bxa4 17. Bd2 Rfc8 18. Bb4 Nc5 19. Kb1 Nb7 20. Nxb7 Qxb7 21. Qd2 Rab8 22. Bd3 a5 23. Bc3 d5 24. exd5 Bxa3 25. dxe6 Bxb2 26. exf7+ Kh8 27. Bb4 Qxb4 28. Qxb4 Rxb4 29. Bf5 Bc3+ 30. Ka2 Rcb8 31. Rb1 Rb2+ 32. Rxb2 Rxb2+ 33. Ka3 Rb8 34. Rd1 g6 35. Be6 Kg7 36. g5 Rb6 37. Bd5 Rb4 38. Bc6 Bb2+ 39. Ka2 Kxf7 40. Rd7+ Ke6 41. Rxh7 Bc3 42. Bd7+ Kd6 43. Rg7 Rb2+ 44. Ka3 Rxc2 45. Bxa4 Rc1 46. Rxg6+ Kc5 47. Rc6+ Kd4 48. Rd6+ Ke3 49. Rd1 Rxd1 50. Bxd1 Bb4+ 51. Kb3 Kf4 52. g6 Bf8 53. Bc2 Bg7 54. Be4 Kg3 55. h5 Kh4 56. Ka4 Kxh5 57. Kxa5 Kg5 58. Kb5 Kf6 59. Kc6 Ke7 60. Kd5 Kf8 61. Ke6 Kg8 62. Ke7 Bh8 63. Bd5+ Kg7 64. Bf7 Kh6 65. Ke6 Bg7 66. Kf5 Bh8 67. Be8 Bg7 68. Ke6 Bh8 69. Kf7 Bg7 70. Kg8 Bf6 71. Bf7 Bg7 72. Be8 Bf6 73. Kf7 Bg7 74. Ke6 Bh8 75. Kf5 Bg7 76. Bf7 Bh8 77. Bd5 Bg7 78. Be4 Bh8 79. Bd3 Bg7 80. Bc4 Bh8 81. f4 exf4 82. Kxf4 Kxg6 1/2-1/2

[Event "Titled Tuesday intern op 29th Aug Late"]
[Site "Chess.com INT"]
[Date "2023.08.29"]
[Round "1"]
[White "Remolar Gallen, Jose"]
[Black "Fressinet, Laurent"]
[Result "0-1"]
[WhiteElo "2329"]
[BlackElo "2652"]
[PlyCount "58"]
[EventDate "2023.08.29"]
[EventType "swiss (blitz)"]
[EventRounds "11"]
[EventCountry "USA"]
[SourceTitle "EXT 2024"]
[Source "ChessBase"]
[SourceDate "2023.10.10"]
[SourceVersion "1"]
[SourceVersionDate "2023.10.10"]
[SourceQuality "1"]

1. e4 c5 2. Nf3 Nc6 3. Bb5 g6 4. 0-0 Bg7 5. Re1 e5 6. a4 Nge7 7. Nc3 0-0 8. d3 d6 9. Bg5 h6 10. Bh4 g5 11. Bg3 Bg4 12. h3 Bh5 13. Bh2 Nd4 14. g4 Bg6 15. Nxd4 cxd4 16. Ne2 d5 17. Ng3 a6 18. Nf5 axb5 19. Nxg7 Kxg7 20. Bxe5+ f6 21. Bxd4 dxe4 22. dxe4 Nc6 23. Bc5 Re8 24. Qxd8 Rexd8 25. axb5 Ne5 26. Rxa8 Rxa8 27. Kg2 Rc8 28. b4 Nd7 29. Bd4 Rxc2 0-1

[Event "Titled Tuesday intern op 29th Aug Early"]
[Site "Chess.com INT"]
[Date "2023.08.29"]
[Round "1"]
[White "Remolar Gallen, Jose"]
[Black "Shevchenko, Kirill"]
[Result "0-1"]
[WhiteElo "2329"]
[BlackElo "2675"]
[PlyCount "80"]
[EventDate "2023.08.29"]
[EventType "swiss (blitz)"]
[EventRounds "11"]
[EventCountry "USA"]
[SourceTitle "EXT 2024"]
[Source "ChessBase"]
[SourceDate "2023.10.10"]
[SourceVersion "1"]
[SourceVersionDate "2023.10.10"]
[SourceQuality "1"]

1. e4 e5 2. Nf3 Nc6 3. Bb5 a6 4. Ba4 Nge7 5. 0-0 Ng6 6. c3 d6 7. h3 Be7 8. d4 Bd7 9. Re1 0-0 10. Nbd2 Qe8 11. Bb3 Kh8 12. Nf1 f5 13. exf5 Bxf5 14. Ng3 Bd7 15. Ng5 h6 16. Qh5 Bxg5 17. Bxg5 Nf4 18. Bxf4 Rxf4 19. Qd1 Qf8 20. Re2 exd4 21. Bc2 Qg8 22. Qd3 Ne5 23. Qd2 Raf8 24. cxd4 Nc6 25. d5 Nd4 26. Rae1 Nxe2+ 27. Rxe2 Re8 28. Qd3 Rxe2 29. Nxe2 Rf6 30. Nd4 g6 31. Qe3 Kg7 32. Bb3 Qe8 33. Ne6+ Bxe6 34. dxe6 c6 35. Qd4 d5 36. f4 Qxe6 37. g4 Kh7 38. Bc2 Rf8 39. f5 Qe1+ 40. Kg2 Kg8 0-1

[Event "Titled Tuesday intern op 08th Aug Late"]
[Site "Chess.com INT"]
[Date "2023.08.08"]
[Round "8"]
[White "Remolar Gallen, Jose"]
[Black "Vlassov, Nikolai"]
[Result "0-1"]
[WhiteElo "2329"]
[BlackElo "2283"]
[PlyCount "66"]
[EventDate "2023.08.08"]
[EventType "swiss (blitz)"]
[EventRounds "11"]
[EventCountry "USA"]
[SourceTitle "EXT 2024"]
[Source "ChessBase"]
[SourceDate "2023.10.10"]
[SourceVersion "1"]
[SourceVersionDate "2023.10.10"]
[SourceQuality "1"]

1. e4 Nc6 2. Nc3 Nf6 3. d4 d5 4. e5 Nd7 5. f4 Nb6 6. Nf3 Bg4 7. Bd3 Bxf3 8. Qxf3 Nxd4 9. Qf2 Nc6 10. Bd2 e6 11. 0-0-0 g6 12. g4 Qd7 13. Rde1 0-0-0 14. h4 h5 15. f5 hxg4 16. fxg6 fxg6 17. Bxg6 Nc4 18. Bf4 Bb4 19. Qg3 d4 20. Rd1 dxc3 21. Rxd7 cxb2+ 22. Kb1 Rxd7 23. Qb3 Rd4 24. Bd3 N4xe5 25. Qxe6+ Nd7 26. Bf5 Rxf4 27. Qxd7+ Kb8 28. Rd1 a5 29. h5 Rd8 30. Qxd8+ Nxd8 31. Rxd8+ Ka7 32. h6 Rxf5 33. h7 Bc3 0-1

[Event "Titled Tuesday intern op 08th Aug Late"]
[Site "Chess.com INT"]
[Date "2023.08.08"]
[Round "1"]
[White "Shimanov, Aleksandr"]
[Black "Remolar Gallen, Jose"]
[Result "1-0"]
[WhiteElo "2566"]
[BlackElo "2329"]
[PlyCount "51"]
[EventDate "2023.08.08"]
[EventType "swiss (blitz)"]
[EventRounds "11"]
[EventCountry "USA"]
[SourceTitle "EXT 2024"]
[Source "ChessBase"]
[SourceDate "2023.10.10"]
[SourceVersion "1"]
[SourceVersionDate "2023.10.10"]
[SourceQuality "1"]

1. d4 Nf6 2. c4 g6 3. g3 c6 4. Bg2 d5 5. Qa4 Nbd7 6. cxd5 Nb6 7. Qb3 cxd5 8. Nc3 Bg7 9. a4 e6 10. a5 Nc4 11. e4 0-0 12. e5 Ne8 13. Qa2 b6 14. axb6 Qxb6 15. Nge2 Rb8 16. 0-0 f6 17. exf6 Nxf6 18. Rb1 Bd7 19. b3 Na5 20. Ba3 Rfc8 21. Bc5 Qc7 22. b4 Nc4 23. Nf4 Rb7 24. Nfxd5 exd5 25. Nxd5 Nb6 26. Nxc7+ 1-0

[Event "Titled Tuesday intern op 25th Jul Early"]
[Site "Chess.com INT"]
[Date "2023.07.25"]
[Round "3"]
[White "Fernandez Bustamante, Leancy B"]
[Black "Remolar Gallen, Jose"]
[Result "0-1"]
[WhiteElo "2059"]
[BlackElo "2330"]
[PlyCount "94"]
[EventDate "2023.07.25"]
[EventType "swiss (blitz)"]
[EventRounds "11"]
[EventCountry "USA"]
[SourceTitle "EXT 2024"]
[Source "ChessBase"]
[SourceDate "2023.10.10"]
[SourceVersion "1"]
[SourceVersionDate "2023.10.10"]
[SourceQuality "1"]

1. e4 c5 2. Nf3 d6 3. c3 Nf6 4. h3 g6 5. Bd3 Bg7 6. Bc2 0-0 7. 0-0 b6 8. Re1 Bb7 9. d4 e6 10. Bg5 h6 11. Bh4 g5 12. Bg3 Qe7 13. e5 dxe5 14. Bxe5 Rd8 15. Qe2 Nbd7 16. Nbd2 Nxe5 17. dxe5 Nd5 18. Qe4 Nf4 19. Qh7+ Kf8 20. Rad1 Rxd2 21. Rxd2 Bxf3 22. gxf3 Rd8 23. Rxd8+ Qxd8 24. Rd1 Qc7 25. Be4 Qxe5 26. Rd8+ Ke7 27. Qg8 f5 28. Ra8 Kf6 29. Rxa7 Kg6 30. Qf7+ Kh7 31. Qxg7+ Qxg7 32. Rxg7+ Kxg7 33. Bc6 Kf6 34. a4 Ke5 35. Bb5 Nxh3+ 36. Kh2 Nxf2 37. b4 cxb4 38. cxb4 g4 39. fxg4 Nxg4+ 40. Kg3 h5 41. a5 bxa5 42. bxa5 Kd6 43. a6 Kc7 44. Bc4 e5 45. Bd5 Kb6 46. Be6 f4+ 47. Kf3 Nf6 0-1

[Event "Titled Tuesday intern op 25th Jul Early"]
[Site "Chess.com INT"]
[Date "2023.07.25"]
[Round "2"]
[White "Remolar Gallen, Jose"]
[Black "Delgado Kuffo, Andres"]
[Result "0-1"]
[WhiteElo "2330"]
[BlackElo "2320"]
[PlyCount "76"]
[EventDate "2023.07.25"]
[EventType "swiss (blitz)"]
[EventRounds "11"]
[EventCountry "USA"]
[SourceTitle "EXT 2024"]
[Source "ChessBase"]
[SourceDate "2023.10.10"]
[SourceVersion "1"]
[SourceVersionDate "2023.10.10"]
[SourceQuality "1"]

1. d4 Nf6 2. Nf3 d5 3. c4 c6 4. Nc3 dxc4 5. a4 Bf5 6. e3 e6 7. Bxc4 Bb4 8. 0-0 Nbd7 9. Qe2 Bg4 10. h3 Bxf3 11. Qxf3 0-0 12. Rd1 Rc8 13. e4 e5 14. Bg5 Qa5 15. Qg3 Bxc3 16. bxc3 Nxe4 17. Qg4 Nxg5 18. Qxg5 Qxc3 19. Rac1 Qa5 20. f4 b5 21. axb5 exd4 22. Qf5 Nb6 23. Bd3 g6 24. Qf6 c5 25. f5 Nd5 26. Qd6 Qd8 27. Qxd8 Rfxd8 28. fxg6 hxg6 29. Bc4 Ne3 30. Rd2 Kg7 31. Ba2 c4 32. Rf2 d3 33. g4 d2 34. Rb1 d1Q+ 35. Rxd1 Rxd1+ 36. Kh2 Rc7 37. Re2 c3 38. Rxe3 c2 0-1

[Event "Titled Tuesday intern op 04th Jul Late"]
[Site "Chess.com INT"]
[Date "2023.07.04"]
[Round "3"]
[White "Czopor, Maciej"]
[Black "Remolar Gallen, Jose"]
[Result "1-0"]
[WhiteElo "2379"]
[BlackElo "2330"]
[PlyCount "43"]
[EventDate "2023.07.04"]
[EventType "swiss (blitz)"]
[EventRounds "11"]
[EventCountry "USA"]
[SourceTitle "EXT 2024"]
[Source "ChessBase"]
[SourceDate "2023.10.10"]
[SourceVersion "1"]
[SourceVersionDate "2023.10.10"]
[SourceQuality "1"]

1. c4 Nf6 2. Nc3 g6 3. e4 d6 4. d4 Bg7 5. f4 0-0 6. Nf3 Na6 7. Bd3 e5 8. fxe5 dxe5 9. d5 Nc5 10. Bc2 a5 11. 0-0 Qe7 12. Bg5 h6 13. Bh4 g5 14. Bf2 Ng4 15. Kh1 Nxf2+ 16. Rxf2 f5 17. exf5 e4 18. Nd4 Qe5 19. Ne6 Rxf5 20. Rxf5 Qxf5 21. Nxg7 Kxg7 22. Qd4+ 1-0

[Event "Titled Tuesday intern op 04th Jul Late"]
[Site "Chess.com INT"]
[Date "2023.07.04"]
[Round "6"]
[White "Domingo Nunez, Ruben"]
[Black "Remolar Gallen, Jose"]
[Result "1-0"]
[WhiteElo "2412"]
[BlackElo "2330"]
[PlyCount "75"]
[EventDate "2023.07.04"]
[EventType "swiss (blitz)"]
[EventRounds "11"]
[EventCountry "USA"]
[SourceTitle "EXT 2024"]
[Source "ChessBase"]
[SourceDate "2023.10.10"]
[SourceVersion "1"]
[SourceVersionDate "2023.10.10"]
[SourceQuality "1"]

1. Nf3 Nf6 2. g3 g6 3. Bg2 Bg7 4. 0-0 0-0 5. d4 d6 6. c4 Ne4 7. Ng5 Nxg5 8. Bxg5 c5 9. Be3 Nc6 10. d5 Na5 11. Qc1 Qb6 12. Nd2 Qxb2 13. Rb1 Qxc1 14. Rfxc1 b6 15. Bg5 Re8 16. e4 Ba6 17. Bf1 e6 18. Bf4 Rad8 19. h4 exd5 20. exd5 Be5 21. Bg5 f6 22. Be3 f5 23. Bg5 Rd7 24. Nf3 Bg7 25. Bd3 h6 26. Bd2 Nb7 27. h5 gxh5 28. Bxf5 Rde7 29. Bg6 Rf8 30. Bxh5 Nd8 31. Bf4 Rf6 32. Nh4 Re4 33. Kg2 Nf7 34. Bf3 Rxc4 35. Rd1 Rd4 36. Rxd4 cxd4 37. Rc1 Ne5 38. Be4 1-0

[Event "Titled Tuesday intern op 04th Jul Late"]
[Site "Chess.com INT"]
[Date "2023.07.04"]
[Round "11"]
[White "Eggleston, Thomas"]
[Black "Remolar Gallen, Jose"]
[Result "0-1"]
[WhiteElo "2215"]
[BlackElo "2330"]
[PlyCount "66"]
[EventDate "2023.07.04"]
[EventType "swiss (blitz)"]
[EventRounds "11"]
[EventCountry "USA"]
[SourceTitle "EXT 2024"]
[Source "ChessBase"]
[SourceDate "2023.10.10"]
[SourceVersion "1"]
[SourceVersionDate "2023.10.10"]
[SourceQuality "1"]

1. e4 c5 2. Nf3 d6 3. Bc4 Nf6 4. d3 e6 5. Bb3 Be7 6. 0-0 0-0 7. c3 b5 8. Re1 Bb7 9. Nbd2 Re8 10. Nf1 c4 11. Bc2 cxd3 12. Bxd3 a6 13. a4 bxa4 14. Rxa4 Nbd7 15. b4 Qc7 16. Bb2 Nb6 17. Ra5 Nc4 18. Bxc4 Qxc4 19. Ne3 Qc7 20. e5 dxe5 21. Nxe5 Red8 22. Qb3 Rab8 23. f3 Nd5 24. Nxd5 Bxd5 25. Qc2 Rxb4 26. Nxf7 Kxf7 27. Qxh7 Rxb2 28. Ra4 Bf6 29. Rg4 Qc5+ 30. Kh1 Qf2 31. Rg1 Bxf3 32. gxf3 Qxf3+ 33. R4g2 Rxg2 0-1

[Event "Titled Tuesday intern op 04th Jul Late"]
[Site "Chess.com INT"]
[Date "2023.07.04"]
[Round "7"]
[White "Remolar Gallen, Jose"]
[Black "Grinev, Valeriy"]
[Result "1-0"]
[WhiteElo "2330"]
[BlackElo "2418"]
[PlyCount "83"]
[EventDate "2023.07.04"]
[EventType "swiss (blitz)"]
[EventRounds "11"]
[EventCountry "USA"]
[SourceTitle "EXT 2024"]
[Source "ChessBase"]
[SourceDate "2023.10.10"]
[SourceVersion "1"]
[SourceVersionDate "2023.10.10"]
[SourceQuality "1"]

1. d4 c5 2. d5 d6 3. e4 a6 4. a4 g6 5. Nc3 Bg7 6. h4 h5 7. Nh3 Nf6 8. Ng5 Nbd7 9. Be2 Ne5 10. Bf4 Neg4 11. f3 Nh6 12. Qd2 Bd7 13. a5 Rb8 14. Na4 Bxa4 15. Rxa4 b5 16. axb6 Rxb6 17. b3 Qc8 18. 0-0 Nhg8 19. Rfa1 Nh7 20. Bxa6 Rxa6 21. Rxa6 Bxa1 22. Rxa1 Nxg5 23. hxg5 f6 24. Qc3 Kf7 25. Ra7 Rh7 26. Bxd6 fxg5 27. Qe5 Kf8 28. Qxg5 c4 29. b4 Rf7 30. Bc5 c3 31. d6 exd6 32. Bxd6+ Kg7 33. Qe5+ Nf6 34. Rxf7+ Kxf7 35. Qe7+ Kg8 36. Qxf6 Qd7 37. Qxg6+ Qg7 38. Qxg7+ Kxg7 39. Be5+ Kg6 40. Bxc3 h4 41. Be1 h3 42. gxh3 1-0

[Event "Titled Tuesday intern op 27th Jun Late"]
[Site "Chess.com INT"]
[Date "2023.06.27"]
[Round "2"]
[White "Hambleton, Aman"]
[Black "Remolar Gallen, Jose"]
[Result "0-1"]
[WhiteElo "2420"]
[BlackElo "2316"]
[PlyCount "84"]
[EventDate "2023.06.27"]
[EventType "swiss (blitz)"]
[EventRounds "11"]
[EventCountry "USA"]
[SourceTitle "EXT 2024"]
[Source "ChessBase"]
[SourceDate "2023.10.10"]
[SourceVersion "1"]
[SourceVersionDate "2023.10.10"]
[SourceQuality "1"]

1. d4 Nf6 2. c4 g6 3. Nc3 d5 4. cxd5 Nxd5 5. Bd2 Bg7 6. e4 Nxc3 7. Bxc3 0-0 8. Qd2 Nd7 9. Nf3 b6 10. Bd3 e6 11. Bb5 Bb7 12. Qe3 Nf6 13. Bd3 c5 14. dxc5 bxc5 15. Rd1 Qb6 16. 0-0 c4 17. Bd4 Qa6 18. Bb1 Rfd8 19. Qc3 Ne8 20. Bxg7 Nxg7 21. Ne5 h5 22. Nd7 Ne8 23. Nc5 Qc6 24. Nxb7 Qxb7 25. h4 Rab8 26. Rd2 Rxd2 27. Qxd2 Qxb2 28. Qa5 Qb6 29. Qe5 Qb5 30. Qc3 Qb4 31. Qe5 Qd6 32. Qc3 Qc5 33. Rc1 Rc8 34. Bd3 Nd6 35. Be2 e5 36. Bf3 Nb5 37. Qa5 Nd4 38. Qa6 Nxf3+ 39. gxf3 c3 40. Rc2 Rd8 41. Kg2 Rd2 42. Rc1 Qxf2+ 0-1